Historia socio-económica de la América central española (Registro nro. 4025)

Detalles MARC
000 -CABECERA
Longitud fija campo de control 00855cam a2200253 4500
001 - NÚMERO DE CONTROL
Número de control a4369875
003 - IDENTIFICADOR DELl NÚMERO DE CONTROL
Identificador del número de control OSt
005 - FECHA Y HORA DE LA ÚLTIMA TRANSACCIÓN
Fecha y hora de la última transacción 20131114101747.0
008 - CÓDIGOS DE INFORMACIÓN DE LONGITUD FIJA
Códigos de información de longitud fija 081104s1990 gtm spa
020 ## - NÚMERO INTERNACIONAL NORMALIZADO PARA LIBROS
Número Internacional Normalizado para Libros (ISBN) 84-8377-014-8
040 ## - FUENTE DE LA CATALOGACIÓN
Centro catalogador de origen SpMaBN
Lengua de catalogación spa
Centro transcriptor BMC
Normas de descripción rdc
082 ## - NÚMERO DE LA CLASIFICACIÓN DECIMAL DEWEY
Númeroo de clasificación 980.0102
082 ## - NÚMERO DE LA CLASIFICACIÓN DECIMAL DEWEY
Númeroo de clasificación 330.9728
100 1# - PUNTO DE ACCESO PRINCIPAL-NOMBRE DE PERSONA
Nombre de persona MacLeod, Murdo J.
9 (RLIN) 9196
245 10 - MENCIÓN DE TÍTULO
Título Historia socio-económica de la América central española
Resto del título : 1520-1720
Mención de responsabilidad, etc. Murdo J. MacLeod ; [traducción, Irene Piedra Santa]
250 ## - MENCIÓN DE EDICIÓN
Mención de edición 2ª ed
260 ## - PUBLICACIÓN, DISTRIBUCIÓN, ETC. (PIE DE IMPRENTA)
Lugar de publicación, distribución, etc. Guatemala
Nombre del editor, distribuidor, etc. Piedra Santa
Fecha de publicación, distribución, etc. cop. 1980
300 ## - DESCRIPCIÓN FÍSICA
Extensión XIII, 422 p.
Otras características físicas il., gráf., mapas.
Dimensiones 21 cm
594 ## - NOTA AL TÍTULO Y MENCIÓN DE RESPONSABIBLIDAD
Nota Al Título Y Mención De Responsabilidad Traducción de: Spanish Central America : a socioeconomic history
651 24 - PUNTO DE ACCESO ADICIONAL DE MATERIA - NOMBRE GEOGRÁFICO
Nombre geográfico América central
Subdivisión de materia general Historia social
651 24 - PUNTO DE ACCESO ADICIONAL DE MATERIA - NOMBRE GEOGRÁFICO
Nombre geográfico América central
Subdivisión de materia general Historia económica
700 1# - PUNTO DE ACCESO ADICIONAL - NOMBRE DE PERSONA
9 (RLIN) 9199
Nombre de persona Piedra Santa, Irene
942 ## - ENTRADA DE ELEMENTOS AGREGADOS (KOHA)
Fuente de clasificaión o esquema Dewey Decimal Classification
Koha [por defecto] tipo de item 1- Monografias
Existencias
Suprimido Perdido Fuente de clasificación o esquema Estropeado Restricciones de uso No para préstamo Código de colección Localización permanente Localización actual Localización en estanter&íacute;as Fecha adquisición Fuente de adquisición Número de inventario Préstamos totales Signatura completa Código de barras Fecha última consulta Fecha último préstamo Coste, precio reemplazado Fecha del precio de reemplazo Tipo de item de Koha
NULL NULL Dewey Decimal Classification NULL Prestable NULL NULL Biblioteca Miguel de Cervantes - UNICAES Biblioteca Miguel de Cervantes - UNICAES Sala Principal 13/11/2013 Donación - UNIR 006943 1 980.0102 MAC his 1006943 10/06/2019 28/05/2019 18.00 13/11/2013 1- Monografias
NULL NULL Dewey Decimal Classification NULL Prestable NULL NULL Biblioteca Miguel de Cervantes - UNICAES Biblioteca Miguel de Cervantes - UNICAES Sala Principal 13/11/2013 Donación - UNIR 006944   980.0102 MAC his 1006944 13/11/2013   18.00 13/11/2013 1- Monografias